000 00586nam a22002297a 4500
003 UA-OsUOA
001 42236
007 ta
008 20061031b un ||||| |||| 00| 0 ukr d
100 _aЙокаї А.
090 _a821.511.141
_bИ99
942 _cBK
040 _aUA-OsUOA
_bukr
_cUA-OsUOA
_dUA-OsUOA
245 _aДебет-Кредит
_bРоман
300 _a214 с.
955 _a2
041 _aukr
080 _a821.511.141
260 _aК.
_bМолодь
_c1983
650 7 _a82 Література. Літературознавство
_2UDC
999 _c328369
_d328369